000
00337nam a2200121Ia 4500
008
231129s9999||||xx |||||||||||||| ||spa||
020
_a
958-04-9603-X (Obra
040
_b
spa
082
_a
R 610.3 E56p
245
0
_a
Enciclopedia familiar de la salud
264
_a
Grupo Editorial Norma
942
_2
ddc
_c
BKS
999
_c
12985
_d
12985